000
00329nam a2200133Ia 4500
999
_c
10858
_d
10858
008
191201s2009 xx 000 0 und d
100
_a
SARKAR, N.N.
245
0
_a
Art and Print Production
250
_a
2nd
260
_a
New Delhi
_b
Oxford
_c
2018
300
_a
515
650
_a
Bachelor of Mass Communication
942
_2
ddc
_c
BK